Marketbeat UK investment market (Record no. 84181)

MARC details
000 -LEADER
fixed length control field 01074cad a22002055a 4500
001 - CONTROL NUMBER
control field L156854
008 - FIXED-LENGTH DATA ELEMENTS--GENERAL INFORMATION
fixed length control field 120720s2012 xxk 000 0 eng d
035 ## - SYSTEM CONTROL NUMBER
System control number (Sirsi) u156854
041 0# - LANGUAGE CODE
Language code of text/sound track or separate title eng
110 2# - MAIN ENTRY--CORPORATE NAME
Corporate name or jurisdiction name as entry element Cushman & Wakefield
9 (RLIN) 5888
245 00 - TITLE STATEMENT
Title Marketbeat UK investment market
Remainder of title monthly briefing - July 2012
260 ## - PUBLICATION, DISTRIBUTION, ETC.
Place of publication, distribution, etc. London
Name of publisher, distributor, etc. Cushman and Wakefield
Date of publication, distribution, etc. 2012
490 #0 - SERIES STATEMENT
Series statement Cushman & Wakefield Marketbeat UK Investment Market Monthly Briefing
Volume/sequential designation July 2012
520 ## - SUMMARY, ETC.
Summary, etc. Prime yields edged up to 5.83% in June, their highest level since March 2010. Sentiment is also still edging down, with 15 of the 25 market segments analysed subject to an upward yield trend - the worst balance recorded since February 2009. Table covers current prime market yields from 2007-June 2012.
590 ## - LOCAL NOTE (RLIN)
Local note NTK KA
651 #4 - SUBJECT ADDED ENTRY--GEOGRAPHIC NAME
Geographic name United Kingdom
690 ## - LOCAL SUBJECT ADDED ENTRY--TOPICAL TERM (OCLC, RLIN)
Topical term or geographic name as entry element Commercial property
9 (RLIN) 6227
856 40 - ELECTRONIC LOCATION AND ACCESS
Uniform Resource Identifier <a href="https://www.cushwake.com/cwglobal/jsp/kcGlobalReportArchive.jsp?Country=GLOBAL&Language=EN&catId=100001&sector=ALL">https://www.cushwake.com/cwglobal/jsp/kcGlobalReportArchive.jsp?Country=GLOBAL&Language=EN&catId=100001&sector=ALL</a>
Public note View the report after free registration at www.cushwake.com
942 ## - ADDED ENTRY ELEMENTS (KOHA)
Suppress in OPAC 0
Holdings
Withdrawn status Lost status Source of classification or shelving scheme Damaged status Not for loan Home library Current library Shelving location Date acquired Total Checkouts Full call number Barcode Date last seen Copy number Price effective from Koha item type
    Dewey Decimal Classification     Virtual Virtual Online 20/07/2012   ONLINE PUBLICATION 156854-2001 06/08/2019 1 06/08/2019 Book